Ethics and nursing practice : a case study approach (Record no. 8233)

MARC details
000 -LEADER
fixed length control field 00783nam a22001817a 4500
020 ## - INTERNATIONAL STANDARD BOOK NUMBER
ISBN 9789355871473
050 ## - CALL NUMBER
Classification number RT85
Item number .Su7
100 ## - AUTHOR
Personal name Suresh, Shreejani
245 ## - TITLE
Title Ethics and nursing practice : a case study approach
Statement of responsibility, etc Suresh, Shreejani
260 ## - PUBLICATION INFORMATION
Place of publication Uttar Pradesh India
Name of publisher Universal Pub. House
Year of publication 2022
300 ## - DESCRIPTION
Number of Pages 300p.:
Dimensions 20cm.
500 ## - NOTES
General note Includes index
505 ## - FORMATTED CONTENTS NOTE
Table of Content 1. Nursing as a profession<br/>2. Nursing ethical issues in implementation<br/>3. Nursing assessment <br/>4. Nursing management of pharmaceutical drug<br/>5. Nursing: principles and practices<br/>6Communication for nursing<br/>7. Nursing roles, legal and ethical consideration<br/>
650 ## - SUBJECTS
Topical Term Nursing ethics -- Great Britain -- Case studies.
650 ## - SUBJECTS
Topical Term Nursing ethics.
650 ## - SUBJECTS
Topical Term Ethics, Nursing
942 ## - ADDED ENTRY ELEMENTS (KOHA)
Koha item type Books
Holdings
Withdrawn status Lost status Collection code Home library Current library Shelving location Date acquired Source of acquisition Full call number Accession Number Koha item type
    Reference Methodist University Library Main Methodist University Library Main General Stacks 20/01/2022 India RT85 .Su7 8684 Books
    Reference Methodist University Library Main Methodist University Library Main General Stacks 20/01/2022 India RT85 .Su7 8685 Books
Copyright © 2026  MUG Library